| 000 | 01605nam a22002297a 4500 | ||
|---|---|---|---|
| 003 | DO-SdBJH | ||
| 005 | 20231213141232.0 | ||
| 008 | 231213b |||||||| |||| 00| 0 spa d | ||
| 040 |
_aDO-SdBJH _bspa _cDO-SdBJH |
||
| 090 |
_aTG AMBC _b02018 2021 |
||
| 100 | 1 |
_aCabrera Arias, Máximo Yohanel _esustentante |
|
| 245 | 1 | 0 |
_aBatallón de transporte del Ejército de República Dominicana y su rol en el mantenimiento de los vehículos ligeros del ERD. Fortalezas, debilidades, amenazas y oportunidades / _cMáximo Yohanel Cabrera Arias, Wesdel Mambrú Vinicio, asesores Martires Casilla Castro, Johany Josefina Acevedo Cabrera |
| 300 | _axiii, 45 páginas, mapas | ||
| 502 | _aTrabajo de grado (Licenciado en Ciencias Militares) -- Instituto Superior para la Defensa (INSUDE). Academia “Militar Batalla de las Carreras” del Ejército de República Dominicana, 2021. | ||
| 504 | _aIncluye referencias bibliográficas e índices | ||
| 505 | _aOptimizar los tiempos de mantenimiento los vehiculos ligeros en el Batallón de transporte del Ejército. -- Las fortalezas, debilidades, amenazas y oportunidades del Batallón de transporte del Ejército Dominicano (FODA). -- Optimizar los tiempos de mantenimiento los vehículos ligeros en el Batallón de transporte del Ejército | ||
| 700 | 1 |
_aWesdel Mambrú Vinicio, _esustentante |
|
| 700 | 1 |
_aMartires Casilla Castro, _easesor |
|
| 700 | 1 |
_aAcevedo Cabrera, Johany Josefina _easesor |
|
| 830 | _a INSUDE. “Academia “Militar Batalla de las Carreras” del Ejército de República Dominicana”. Tesis y disertaciones. | ||
| 942 |
_2CL _cT |
||
| 999 |
_c7680 _d7680 |
||